|
|
|
|
| LEADER |
00000cam a2200000 ca4500 |
| 001 |
1095262750 |
| 003 |
DE-627 |
| 005 |
20240201184313.0 |
| 007 |
tu |
| 008 |
910813n19uuuuuuis ||||| 00| ||heb c |
| 035 |
|
|
|a (DE-627)1095262750
|
| 035 |
|
|
|a (DE-576)025262750
|
| 035 |
|
|
|a (DE-599)BSZ025262750
|
| 040 |
|
|
|a DE-627
|b ger
|c DE-627
|e rakwb
|
| 041 |
|
|
|a heb
|
| 044 |
|
|
|c XB-IL
|
| 084 |
|
|
|a 6,14
|a 1
|2 ssgn
|
| 190 |
|
|
|j 1957
|
| 245 |
0 |
0 |
|a Bêt Še'ārīm
|c ha- Ḥevrā le-Ḥaqīrat Ereṣ Yiśrā'ēl we-ʿAttīqôtêhā
|
| 246 |
1 |
|
|i Beth Sheʿarim
|a report on the excavations during ...
|
| 246 |
3 |
3 |
|a Beth She'arim
|
| 264 |
|
1 |
|a Jerusalem
|c 19XX-
|
| 336 |
|
|
|a Text
|b txt
|2 rdacontent
|
| 337 |
|
|
|a ohne Hilfsmittel zu benutzen
|b n
|2 rdamedia
|
| 338 |
|
|
|a Band
|b nc
|2 rdacarrier
|
| 710 |
2 |
|
|0 (DE-588)1012579-6
|0 (DE-627)103219390
|0 (DE-576)191200476
|4 oth
|a ha- Ḥevrā le-Ḥaqîrat Ereṣ-Yiśrā'ēl we-ʿAttîqôtêhā
|
| 935 |
|
|
|a mteo
|
| 951 |
|
|
|a MC
|
| ELC |
|
|
|b 1
|
| ITA |
|
|
|a 1
|t 1
|
| LOK |
|
|
|0 000 xxxxxcx a22 zn 4500
|
| LOK |
|
|
|0 001 2630648729
|
| LOK |
|
|
|0 003 DE-627
|
| LOK |
|
|
|0 004 1095262750
|
| LOK |
|
|
|0 005 20100325094517
|
| LOK |
|
|
|0 008 100325||||||||||||||||ger|||||||
|
| LOK |
|
|
|0 040
|a DE-21
|c DE-627
|d DE-21
|
| LOK |
|
|
|0 852
|a DE-21
|
| LOK |
|
|
|0 852 1
|9 00
|
| LOK |
|
|
|0 935
|a dika
|a hebr
|
| LOK |
|
|
|0 939
|a 25-03-10
|b l01
|
| LOK |
|
|
|0 000 xxxxxcx a22 zn 4500
|
| LOK |
|
|
|0 001 2169892974
|
| LOK |
|
|
|0 003 DE-627
|
| LOK |
|
|
|0 004 1095262750
|
| LOK |
|
|
|0 005 20010622000000
|
| LOK |
|
|
|0 008 010622||||||||||||||||ger|||||||
|
| LOK |
|
|
|0 040
|a DE-21-31
|c DE-627
|d DE-21-31
|
| LOK |
|
|
|0 852
|a DE-21-31
|
| LOK |
|
|
|0 852 1
|c Lh II b 9:1
|m p
|9 00
|
| LOK |
|
|
|0 938
|k p
|
| LOK |
|
|
|0 939
|a 22-06-01
|b l02
|
| ORI |
|
|
|a SA-MARC-ixtheoa001.raw
|
| SPR |
|
|
|a 1
|t IXT
|